Statistics for Australian Cricket Captains

Click here to take the quiz!

General Stats

  • This quiz has been taken 193 times
  • The average score is 10 of 34

Answer Stats

Hint Answer % Correct
2004-2010Ricky Ponting
95%
2010-2014Michael Clarke
91%
1999-2004Steve Waugh
84%
1984-94Allan Border
77%
1936-48Don Bradman
75%
1994-1999Mark Taylor
71%
1975-83Greg Chappell
64%
1971-75Ian Chappell
59%
1958-63Richie Benaud
55%
2000-2004Adam Gilchrist
52%
1979-84Kim Hughes
49%
1968-71Bill Lawry
40%
1964-78Bob Simpson
36%
1978-79Graham Yallop
24%
1930-34Bill Woodfull
17%
1920-21Warwick Armstrong
13%
1951-54Arthur Morris
12%
1957-58Ian Craig
11%
1935-36Vic Richardson
10%
1954-56Ian Johnson
9%
1903-09Monty Noble
8%
1949-53Lindsay Hassett
8%
1910-12Clem Hill
8%
1928-29Jack Ryder
7%
1876-79Dave Gregory
6%
1885-94Jack Blackham
6%
1894-95George Giffen
5%
1880-90Billy Murdoch
5%
1899-1905Joe Darling
5%
1912Syd Gregory
5%
1965-66Brian Booth
4%
1921-26Herbie Collins
3%
1896-98Harry Trott
2%
1887-88Percy McDonnell
2%

Score Distribution

Percentile by Number Answered

Percent of People with Each Score

Your Score History

You have not taken this quiz